00866nam a22002657a 45000010005000000030006000050050017000110080041000280200018000690400029000870500018001160820011001341000018001452450073001632500031002362600037002673000050003044900032003545050009003865200092003955210020004875210021005076500041005287000031005698409FISKH20250910154409.0250910b cb ||||| |||| 00| 0 eng d a9780590522694 aFISKHbengcFISKHdFISKH aQL668.E2 R535 a597.89 aRobinson, Fay aFantastic frogs ! / cby Fay Robinson : Illustrated by Jean Cassels  aFirst printing, March 1999 aNew York : bScholastic, c1999. a32 pages : bcolor illustrations ; c23 cm .  aScholastic Reader vLevel 2 aJ  aIntroduces the growth, food, habitats, colors, and shapes of different kinds of frogs. 8 a430 bLexile 8 aJ bRaz-Plus  aReptiles and amphibiansvNon-fiction aCassels, JeaneIllustrator